000 00401cam a22001217a 4500
008 180718b2001 xxu||||| |||| 00| 0 eng d
082 _aK782x54 C498
245 _aThe citizens' guide to fighting corruption
_cby Central Vigilance Commission
260 _aNew Delhi
_bCentral Vigilance Commission
_c2001
300 _a108p.
650 _aCorruption - India
700 _aIndia. Central Vigilance Commission
999 _c476351
_d476351